书目信息 |
| 书名: | Broadband feedback amplifiers | |
| 作者: | D.J.H. Maclean. | |
| 分册号: | ||
| 分册名: | 出版地: | Chichester ; |
|
| 出版社: | Research Studies Press | |
| 出版时间: | c1982. | |
| 页数: | xxviii, 295 p. : | |
| 开本: | 24 cm. | |
| 丛书名: | Electronic & electrical engineering research studies | |
| 中图分类号: | ||
| 科图分类号: | ||
| 其他分类号: | TN722.5 | |
| 主题词: | ||
| 电子资源: | ||
| 000 | 00808nam 22000241i 450 9 | |
| 001 | 0298402663 | |
| 005 | 20070209142608.79 | |
| 008 | 820128m1982 u y a b 001 0 | |
| 020 | @a0471102148. | |
| 041 | @aeng | |
| 050 | @aTK7871.58.F4@bM3 1982 | |
| 082 | 04 | @a621.3815/35@219 |
| 090 | @aTN721.2 | |
| 090 | @aTN722.5 | |
| 099 | @dTN722.5@ex1 | |
| 100 | 1 | @aMaclean@cD. J. H. |
| 245 | 10 | @aBroadband feedback amplifiers / @cD.J.H. Maclean. |
| 260 | 1 | @aChichester ;@aNew York :@bResearch Studies Press,@cc1982. |
| 300 | @axxviii, 295 p. :@bill. ;@c24 cm. | |
| 440 | 0 | @aElectronic & electrical engineering research studies.@pElectronic circuits and systems series@v1 |
| 504 | @aIncludes bibliographical references and indexes. | |
| 650 | 4 | @aBroadband amplifiers. |
| 650 | 4 | @aFeedback amplifiers. |
| Broadband feedback amplifiers / / D.J.H. Maclean.-Chichester ; ; New York : : Research Studies Press, , c1982. |
| xxviii, 295 p. : : ill. ; ; 24 cm.- (Electronic & electrical engineering research studies. Electronic circuits and systems series 1 ) |
| Includes bibliographical references and indexes. |
| ISBN 0471102148. |
| ● |
| 相关链接 |
|
|
|
|
正题名:Broadband feedback amplifiers
索取号:TN722.5/x1
 
预约/预借
| 序号 | 登录号 | 条形码 | 馆藏地/架位号 | 状态 | 备注 |
| 1 | 181058 | 000634861 | 第四借阅区/ [索取号:TN722.5/x1] | 在馆 | |
| 2 | 181059 | 000634870 | 第二样本阅览室/ [索取号:TN722.5/x1] | 在馆 |